| 000 | 00337nam a2200133Ia 4500 | ||
|---|---|---|---|
| 005 | 20260328104249.0 | ||
| 008 | 260328s9999||||xx |||||||||||||| ||und|| | ||
| 100 | _aKontzias, Olga T. | ||
| 245 | 0 |
_aHistory of furniture / _cOlga T. Kontzias |
|
| 260 | _bFairchild Books | ||
| 300 | _a620 p. | ||
| 650 | _aDISEÑO INDUSTRIAL | ||
| 942 | _cBK | ||
| 999 |
_c10195 _d10195 |
||